00401nam a2200181Ia 4500003000900000008004100009040001300050040001300063041000800076100002300084245005100107250001100158260001500169260000900184300001000193300001000203490000600213IT-RoPAU120407s9999 xx 000 0 und d aIT-RoPAU cIT-RoPAU aita aGualberto Gismondi aFamiglia: momenti educativi e spazi formativi. aTorino aElle Di Ci c1989 a62 p. c21 cm v1